Devine l'album avec 3 titres - Statistiques

Statistiques générales
  • Ce quiz a été pris 93 fois
  • Le résultat moyen est 6 sur 15
Statistiques - réponses
Hint Réponse % Correct
Peur d'être père, Macarena, Kietu Ipséité
88%
Da, Uranus, Bené Dans la légende
85%
63, Bizon, Binks Or noir
65%
Zone à danger, Mafia, Loup Noir Jvlivs 2
56%
Ce soir, roro, Mamacita Comme prévu
54%
Life, my gyal, Mucho love 1994
45%
La zone est minée, Valise, Médicament Mr Sal
41%
Charbon, Macaroni, Mozart 100 visages
39%
Rio, Intocable, Noche Ripro 3
34%
Nouvelle école, Ma définition, Destinée Temps mort
33%
La douille, Calibré, Jamais l'homme au bob
26%
Pousette, Asalto, Sangoten La zone en personne
20%
92i, Groupe sanguin, Avertisseurs Mauvais oeil
20%
Fumer un mec, Tout se paye, Le pouvoir Au delà de mes limites
4%
Regarde, Chez le mac, Bouger la tète Demain c'est loin
1%
Aucun quiz correspondant
Distribution des résultats
% des personnes avec chaque résultat
Percentile par nombre de réponses
Votre historique - résultats
Vous n’avez pas pris ce quiz